20 ficciones argentinas 1900-1930 /
Guardado en:
| Autor Principal: | |
|---|---|
| Formato: | Libro |
| Publicado: |
Buenos Aires :
Eudeba,
1963
|
| Series: | Serie del siglo y medio
|
| Materias: | |
| Etiquetas: |
Agregar Etiqueta
Sin Etiquetas, Sea el primero en etiquetar este registro!
|
| LEADER | 01363nam a22002175a 4500 | ||
|---|---|---|---|
| 001 | CEM.cems004844 | ||
| 005 | 20100915093810.0 | ||
| 008 | 130507s1963##################000#0#####d | ||
| 003 | CEMS | ||
| 082 | 0 | 4 | |a A868.4 |
| 100 | 1 | |a Pagés Larraya, Antonio | |
| 245 | 1 | 0 | |a 20 ficciones argentinas 1900-1930 / |c Selección y Prólogo de Antonio Pagés Larraya |
| 260 | |a Buenos Aires : |b Eudeba, |c 1963 | ||
| 300 | |a 196 p. | ||
| 490 | 0 | |a Serie del siglo y medio | |
| 505 | 0 | |a Pequeños propietarios / Roberto Arlt -- Un valiente / Carlos Octavio Bunge -- Ser polvo / Atilio Chiappori -- El Marucho fantasma / Juan Pablo Echague -- El viejo general / Angel de Estrada (h) -- Suicida / Macedonio Fernández -- La lechuza / Alberto Gerchunoff -- La selva de los reptiles / Joaquín V. González -- El hombre y la sombra / Enrique González Tuñon -- Un hombre / Víctor Juan Guillot -- El pozo / Ricardo Guiraldes -- Atemis / Enrique Larreta -- Chabaré / Martiniano Leguizamón -- Leopoldo Lugones -- Travesiando / Benito Lynch -- Rillo / Roberto Mariani -- La sublevación de las máquinas / Enrique Méndez Calzada -- Boccacio / Bartolito Mitre y Vedia -- El juez de Paz / Roberto J. Payró | |
| 653 | |a Literatura | ||
| 653 | |a Literatura argentina-siglo 20 | ||
| 653 | |a Cuentos | ||
| 653 | |a Cuento argentino | ||
| 859 | |a CEMS |b BIB. CEMS - 11 de abril |h A868.4 |i P147 |p 3059.74 |t Ej.1 | ||
